| 000 | 00948nam a22002537a 4500 | ||
|---|---|---|---|
| 001 | 77498 | ||
| 003 | BD-RjUL | ||
| 005 | 20211209082958.0 | ||
| 008 | 201001s1897 enk||||| |||| 00| 0 eng d | ||
| 035 | _a(BD-RjUL)77723 | ||
| 040 |
_aBD-RjUL _beng _cBD-RjUL |
||
| 041 | _aeng | ||
| 082 |
_a821.8 _bTEA 1897 |
||
| 100 |
_aTennyson, Hallam Tennyson, Baron, _d1852-1928 _9241709 |
||
| 245 | 1 | 0 |
_aAlfred Lord Tennyson : _ba memoir / _cby his son; Hallam Tennyson Tennyson, Baron; Alfred Tennyson Tennyson, Baron; John Francis Rotton, Sir |
| 260 |
_aLondon ; _aNew York : _bMacmillan, _c1897 |
||
| 300 |
_a v.: _bill.; _c24 cm. |
||
| 500 | _aIncludes many letters to and from Tennyson and several contributions from various sources. | ||
| 505 | 0 | 1 | _aVol. II -- |
| 600 |
_aTennyson, Alfred Tennyson, Baron, _d1809-1892 _9241715 |
||
| 700 |
_aTennyson, Alfred Tennyson, Baron; _9241716 |
||
| 700 |
_aRotton, John Francis _9241712 |
||
| 942 |
_2ddc _cRAR |
||
| 999 |
_c77498 _d77498 |
||